| 000 | 00945nam a22002777a 4500 | ||
|---|---|---|---|
| 001 | 5404 | ||
| 003 | FISKH | ||
| 005 | 20241203113138.0 | ||
| 008 | 241203b cb ||||| |||| 00| 0 eng d | ||
| 020 | _a0091308801 | ||
| 040 |
_aFISKH _beng _cFISKH _dFISKH |
||
| 082 | _a823.3 | ||
| 100 | _aGreenwood , Ted | ||
| 245 |
_aThe Pochetto Coat / _cby Ted Greenwood : illustrated by Ron Brooks |
||
| 250 | _aFirst published 1978 | ||
| 260 |
_aLondon : _bHutchinson Group ; _c1978 . |
||
| 300 |
_a71 pages : _billustrations ; _c23 cm . |
||
| 505 | _aS | ||
| 520 | _aPatrick, the latest in a long line of Pochettos, comes to work in the same circus as Sam, a lonely little girl who wants to be a clown and who loves to hear stories about the earlier Pochettos. | ||
| 521 | 8 |
_a790
_bLexile estimate |
|
| 521 | 8 |
_aS
_bRaz-Plus |
|
| 650 |
_aAustralian _vFiction |
||
| 700 | _aBrooks, Ron | ||
| 942 |
_2ddc _cBK _n0 |
||
| 999 |
_c5404 _d5404 |
||